[Event "Madrid Chamartin op 8th"]
[Site "Madrid"]
[Date "2019.09.12"]
[Round "6"]
[White "Alvarez Poves, Jesus"]
[Black "Diaz Quilez, Daniel"]
[Result "1-0"]
[WhiteElo "1794"]
[BlackElo "1568"]
[PlyCount "83"]
[EventDate "2019.09.09"]
[EventType "swiss"]
[EventRounds "9"]
[EventCountry "ESP"]
[SourceTitle "CBM 192 Extra"]
[Source "Chessbase"]
[SourceDate "2019.11.06"]
[SourceVersion "1"]
[SourceVersionDate "2019.11.06"]
[SourceQuality "1"]

1. d4 Nf6 2. c4 e6 3. Nc3 d5 4. Bg5 Be7 5. Nf3 Nbd7 6. e3 0-0 7. Qc2 h6 8. cxd5 exd5 9. Bh4 Re8 10. Bd3 c6 11. 0-0 Nb6 12. Rfe1 Bd6 13. e4 dxe4 14. Nxe4 Nbd5 15. Bc4 Be6 16. Bxd5 cxd5 17. Nxd6 Qxd6 18. Bxf6 gxf6 19. Qb3 Kh8 20. Rac1 Rg8 21. Qe3 Rg6 22. g3 Rag8 23. Nh4 Rg5 24. Ng2 Kh7 25. Qb3 b6 26. Qa4 Rg4 27. f3 R4g7 28. Rc3 h5 29. Qc2+ Kh8 30. Qd2 Kh7 31. Qd3+ Kh8 32. Qe3 Kh7 33. Qf2 Rg5 34. f4 Rg4 35. h3 R4g7 36. Qe2 Kh6 37. Kh2 f5 38. Rec1 Qb4 39. Qf2 Rg6 40. Nh4 R6g7 41. Rc6 Qe7 42. Nxf5+ 1-0

[Event "Madrid Chamartin op 8th"]
[Site "Madrid"]
[Date "2019.09.09"]
[Round "1"]
[White "Diaz Quilez, Daniel"]
[Black "Cabanas Bravo, Juan Andres"]
[Result "0-1"]
[WhiteElo "1568"]
[BlackElo "2041"]
[PlyCount "134"]
[EventDate "2019.09.09"]
[EventType "swiss"]
[EventRounds "9"]
[EventCountry "ESP"]
[SourceTitle "CBM 192 Extra"]
[Source "Chessbase"]
[SourceDate "2019.11.06"]
[SourceVersion "1"]
[SourceVersionDate "2019.11.06"]
[SourceQuality "1"]

1. e4 e5 2. Nc3 Nc6 3. Bc4 Bc5 4. Nf3 Nf6 5. d3 d6 6. 0-0 Bg4 7. h3 Bh5 8. Be3 Bb6 9. Na4 Na5 10. Nxb6 axb6 11. Bg5 Nxc4 12. dxc4 h6 13. Bxf6 Qxf6 14. Qd3 g5 15. Nh2 Bg6 16. Rfd1 h5 17. c5 0-0-0 18. cxb6 g4 19. Qc4 c6 20. Rd3 gxh3 21. Rxh3 Qf4 22. Rf3 Qxe4 23. Qxe4 Bxe4 24. Rxf7 Bxc2 25. Rc7+ Kb8 26. a4 Bd3 27. Nf3 Rh7 28. Rxh7 Bxh7 29. Rd1 Kc8 30. a5 c5 31. Ng5 Bc2 32. Rd2 Bb3 33. Ne4 d5 34. Nxc5 Bc4 35. Rc2 Kb8 36. Ne6 Rg8 37. b4 h4 38. Kh2 Bf1 39. f3 d4 40. Nc7 d3 41. Rd2 e4 42. Nd5 exf3 43. gxf3 Rf8 44. f4 Re8 45. Nc3 Re3 46. Kg1 Bh3 47. Nd1 Rg3+ 48. Kf2 Bf5 49. Ne3 Be4 50. Nf1 Rf3+ 51. Kg1 Rxf4 52. Nh2 Kc8 53. b5 Rf5 54. a6 bxa6 55. bxa6 Ra5 56. b7+ Kb8 57. Kf2 Rxa6 58. Ke3 Ra4 59. Nf3 Bxf3 60. Kxf3 Kxb7 61. Kg2 Rd4 62. Kh3 Kc6 63. Kg2 Kd5 64. Kf3 Kc4 65. Kg2 Kc3 66. Rd1 d2 67. Kf1 Kc2 0-1